市ドボンクイズ② - Statistics

General Stats
  • This quiz has been taken 580 times
  • The average score is 6 of 16
Answers on the Grid
Answers color-coded by a green-red scale on the quiz's grid according to % correct below.
倶知安
日高
津久見
香美
長井
宮若
浅口
福津
香芝
菊地
松原
二戸
松島
羽後本荘
竹田
草津
大網
拝島
吉田
松代
高田
海部
木津川
四条畷
泉州
伊佐
小郡
筑前
大隅
飯山
 
Answer Stats
Answer % Correct
草津
56%
香芝
45%
飯山
44%
木津川
41%
日高
40%
津久見
40%
香美
39%
松原
38%
二戸
38%
竹田
38%
浅口
37%
宮若
36%
長井
34%
福津
34%
伊佐
34%
小郡
34%
No matching quizzes found
Score Distribution
Percent of People with Each Score
Percentile by Number Answered
Your Score History
You have not taken this quiz